| LEADER 00000nam 2200000uu 4500 |
| 001 13399137006 |
| 003 ULIBM |
| 008 260424s||||||||th 000 0 tha d |
| 050 ^aว สน.มธ. 34 2549 |
| 090 ^aE-book |
| 100 0 ^aวราวุธ ช่วงชัย. |
| 245 10 ^aโครงการเสนอแนะและปรับปรุง ศูนย์การค้า เซ็นจูรี่ เดอะ มูฟวี่ พลาซ่า /^cวราวุธ ช่วงชัย. |
| 246 1 ^aTInterior architectural for Century the Movie Plaza /^cWarawoot Chuangchai. |
| 260 ^aปทุมธานี :^bมหาวิทยาลัยธรรมศาสตร์, ^c2549. |
| 300 ^a12, 158 แผ่น. |
| 502 ^aวิทยานิพนธ์ สถาปัตยกรรมภายในบัณฑิต, 2549. |
| 650 7 ^aศูนย์การค้า. |
| 700 0 ^aถวนันท์ ธเนศเดชสุนทร,^eอาจารย์ที่ปรึกษา. |
| 856 ^uhttps://digital.library.tu.ac.th/tu_dc/frontend/Info/item/dc:339141 ^zเอกสารฉบับเต็ม (ดูรายบทคลิกที่ Bookmarks) |
| 999 ^aประวีณา ปานทอง |